Normal view MARC view

Entry Personal Name

Number of records used in: 6

001 - CONTROL NUMBER

  • control field: 24804

003 - CONTROL NUMBER IDENTIFIER

  • control field: dpl

005 - DATE AND TIME OF LATEST TRANSACTION

  • control field: 20101215114845.0

008 - FIXED-LENGTH DATA ELEMENTS

  • fixed length control field: 101215|||a|||||| | ||| d

040 ## - CATALOGING SOURCE

  • Original cataloging agency: dpl
  • Transcribing agency: dpl

100 ## - HEADING--PERSONAL NAME

  • Personal name: शर्मा, ब्रजकिशोर

670 ## - SOURCE DATA FOUND

  • Source citation: Work cat.: (dpl)40086: शर्मा, ब्रजकिशोर, संयुक्त राष्ट्र का चार्टर और अंतरराष्ट्रीय न्यायालय का संविधान:, 2010

670 ## - SOURCE DATA FOUND

  • Source citation: Work cat.: (dpl)40086: शर्मा, ब्रजकिशोर, संयुक्त राष्ट्र का चार्टर और अंतरराष्ट्रीय न्यायालय का संविधान:, 2010

© Delhi Public Library
Hit Counter
free hit counter